Ideas of the great educators / (Record no. 185912)

000 -LEADER
fixed length control field 00702 a2200205 4500
003 - CONTROL NUMBER IDENTIFIER
control field NUST
005 - DATE AND TIME OF LATEST TRANSACTION
control field 20230102134156.0
010 ## - LIBRARY OF CONGRESS CONTROL NUMBER
LC control number 78019557
020 ## - INTERNATIONAL STANDARD BOOK NUMBER
International Standard Book Number 0064634809 :
040 ## - CATALOGING SOURCE
Transcribing agency Nust
082 00 - DEWEY DECIMAL CLASSIFICATION NUMBER
Classification number 370,SMI
100 1# - MAIN ENTRY--PERSONAL NAME
Personal name Smith, Samuel,
9 (RLIN) 38262
245 10 - TITLE STATEMENT
Title Ideas of the great educators /
Statement of responsibility, etc. Samuel Smith.
260 ## - PUBLICATION, DISTRIBUTION, ETC.
Place of publication, distribution, etc. New York:
Name of publisher, distributor, etc. Barnes & Noble Books,
Date of publication, distribution, etc. 1979.
300 ## - PHYSICAL DESCRIPTION
Extent viii, 200 p. ;
Dimensions 21 cm.
490 0# - SERIES STATEMENT
Series statement Everyday handbooks
505 ## - FORMATTED CONTENTS NOTE
Formatted contents note Part 1:- One Educators in Ancient Times (Page-1), Part 2:- Educators in medieval Times (Page-47), Part 3:- Educators in Modern Times (Page-79), Index (Page-197).
650 #0 - SUBJECT ADDED ENTRY--TOPICAL TERM
Topical term or geographic name entry element Education
General subdivision Philosophy
-- History.
9 (RLIN) 106640
942 ## - ADDED ENTRY ELEMENTS (KOHA)
Source of classification or shelving scheme
Koha item type Book
Call number prefix 370,SMI
Holdings
Withdrawn status Lost status Source of classification or shelving scheme Damaged status Not for loan Collection code Permanent Location Current Location Date acquired Total Checkouts Full call number Barcode Date last seen Price effective from Koha item type
            Military College of Signals (MCS) Military College of Signals (MCS) 12/12/2016   370 SMI MCS20680 12/08/2016 12/12/2016 Book
© 2023 Central Library, National University of Sciences and Technology. All Rights Reserved.